MARC

LEADER 00000nam0a2200000 4500
001 331508
005 20231102004349.0
035 |a (RuTPU)RU\TPU\book\357335 
035 |a RU\TPU\book\357334 
090 |a 331508 
100 |a 20170426d1981 k y0rusy50 ca 
101 0 |a rus 
102 |a UZ 
105 |a a z 001zy 
200 1 |a Инженерно-геологические свойства различных групп пород и подземных вод некоторых районов Средней Азии  |e [сборник статей]  |f Ташкентский политехнический институт ; отв. ред. Г. А. Мавлянов ; Т. З. Закиров 
210 |a Ташкент  |c Изд-во ТашПИ  |d 1981 
215 |a 116 с.  |c ил. 
225 1 |a Сборник научных трудов  |v Вып. 317 
320 |a Библиография в конце статей 
606 1 |a Грунты  |x Физико-механические свойства  |2 stltpush  |3 (RuTPU)RU\TPU\subj\8805  |9 36145 
606 1 |a Воды подземные  |x Гидрогеология  |2 stltpush  |3 (RuTPU)RU\TPU\subj\3150  |9 31605 
610 1 |a инженерно-геологические исследования 
610 1 |a горные породы 
610 1 |a Средняя Азия 
610 1 |a пространственная изменчивость 
610 1 |a изменчивость 
610 1 |a пористость 
610 1 |a грунтовые воды 
610 1 |a лессовые породы 
610 1 |a полускальные породы 
610 1 |a четвертичные отложения 
610 1 |a состав 
675 |a 624.131.4  |v 3 
675 |a 556.3  |v 3 
702 1 |a Мавлянов  |b Г. А.  |4 340 
702 1 |a Закиров  |b Т. З.  |4 340 
712 0 2 |a Ташкентский политехнический институт  |2 stltpush  |3 (RuTPU)RU\TPU\col\6741 
801 1 |a RU  |b 63413507  |c 20051118  |g PSBO 
801 2 |a RU  |b 63413507  |c 20170502  |g PSBO 
942 |c BK